00349pab a2200133 454500008004000000100001600040245008800056260000900144300001200153362001200165650001000177700001600187773001200203180718b1999 xxu||||| |||| 00| 0 eng d aArene, C.J. aThe position of women in the repayment of agriculture loans in Nigeria: an analysis c1999 ap.29-34 aOct-Dec aWomen aAneke, G.C. aVikalpa